00422 2200145 4500001002100000008004100021035002000062245001900082100008500101260002900186300001300215020002200228084001600250082001000266INLIS000000000000073 ind  a0010-1223000073 aFarmakognosi 1 aApt. Rony Setianto, S. Si,S.E, M.Farm dan Tatiana Siska Wardani S. Farm, M. Farm bPustaka Baru Pressc2021 avi + 162 a978-602-376-712-0 a615.1 DES f a615.1